Loading...
| Current Events | 1 | 30.00 | 100% | 100% | 100% |
| Fine Arts - Auditory Fine Arts | 3 | 10.00 | 100% | 0% | 0% |
| Fine Arts - Other Fine Arts | 5 | 16.00 | 100% | 60% | 0% |
| Fine Arts - Visual Fine Arts | 4 | 15.00 | 100% | 50% | 0% |
| History - American History | 5 | 22.00 | 100% | 100% | 20% |
| History - European History | 7 | 20.00 | 100% | 71% | 29% |
| History - Other History | 5 | 20.00 | 100% | 100% | 0% |
| History - World History | 4 | 20.00 | 100% | 75% | 25% |
| Literature - American Literature | 4 | 15.00 | 100% | 50% | 0% |
| Literature - British Literature | 6 | 15.00 | 100% | 33% | 17% |
| Literature - European Literature | 4 | 17.50 | 100% | 50% | 25% |
| Literature - World Literature | 6 | 20.00 | 100% | 83% | 17% |
| Mythology | 7 | 18.57 | 100% | 86% | 0% |
| Other Academic | 1 | 20.00 | 100% | 100% | 0% |
| Philosophy | 5 | 12.00 | 100% | 20% | 0% |
| Pop Culture | 3 | 23.33 | 100% | 100% | 33% |
| Religion | 6 | 16.67 | 83% | 67% | 17% |
| Science - Biology | 7 | 21.43 | 100% | 86% | 29% |
| Science - Chemistry | 4 | 17.50 | 100% | 50% | 25% |
| Science - Other Science | 5 | 16.00 | 80% | 80% | 0% |
| Science - Physics | 5 | 10.00 | 80% | 20% | 0% |
| Social Science | 7 | 14.29 | 100% | 43% | 0% |